<?xml version="1.0" encoding="UTF-8"?><?xml-stylesheet type="text/xsl" href="static/style.xsl"?><OAI-PMH xmlns="http://www.openarchives.org/OAI/2.0/" xmlns:xsi="http://www.w3.org/2001/XMLSchema-instance" xsi:schemaLocation="http://www.openarchives.org/OAI/2.0/ http://www.openarchives.org/OAI/2.0/OAI-PMH.xsd"><responseDate>2026-04-18T06:00:02Z</responseDate><request verb="GetRecord" identifier="oai:www.recercat.cat:10230/33107" metadataPrefix="marc">https://recercat.cat/oai/request</request><GetRecord><record><header><identifier>oai:recercat.cat:10230/33107</identifier><datestamp>2025-12-19T20:26:07Z</datestamp><setSpec>com_2072_6</setSpec><setSpec>col_2072_452954</setSpec></header><metadata><record xmlns="http://www.loc.gov/MARC21/slim" xmlns:dcterms="http://purl.org/dc/terms/" xmlns:xsi="http://www.w3.org/2001/XMLSchema-instance" xmlns:doc="http://www.lyncode.com/xoai" xsi:schemaLocation="http://www.loc.gov/MARC21/slim http://www.loc.gov/standards/marcxml/schema/MARC21slim.xsd">
   <leader>00925njm 22002777a 4500</leader>
   <datafield ind2=" " ind1=" " tag="042">
      <subfield code="a">dc</subfield>
   </datafield>
   <datafield ind2=" " ind1=" " tag="720">
      <subfield code="a">Furelos Blanco, Daniel</subfield>
      <subfield code="e">author</subfield>
   </datafield>
   <datafield ind2=" " ind1=" " tag="260">
      <subfield code="c">2017-10-27T10:19:58Z</subfield>
   </datafield>
   <datafield ind2=" " ind1=" " tag="260">
      <subfield code="c">2017-10-27T10:19:58Z</subfield>
   </datafield>
   <datafield ind2=" " ind1=" " tag="260">
      <subfield code="c">2017-09</subfield>
   </datafield>
   <datafield ind2=" " ind1=" " tag="520">
      <subfield code="a">Tutor: Anders Jonsson</subfield>
   </datafield>
   <datafield ind2=" " ind1=" " tag="520">
      <subfield code="a">Treball fi de màster de: Master in Intelligent Interactive Systems</subfield>
   </datafield>
   <datafield ind2=" " ind1=" " tag="520">
      <subfield code="a">In this work, we present new approaches for solving multiagent planning and temporal&#xd;
planning problems. These planning forms are two types of concurrent planning,&#xd;
where actions occur in parallel. The methods we propose rely on a compilation to&#xd;
classical planning problems that can be solved using an off-the-shelf classical planner.&#xd;
Then, the solutions can be converted back into multiagent or temporal solutions.&#xd;
Our compilation for multiagent planning is able to generate concurrent actions that&#xd;
satisfy a set of concurrency constraints. Furthermore, it avoids the exponential&#xd;
blowup associated with concurrent actions, a problem that many multiagent planners&#xd;
are facing nowadays. Incorporating similar ideas in temporal planning enables&#xd;
us to generate temporal plans with simultaneous events, which most state-of-the-art&#xd;
temporal planners cannot do.&#xd;
In experiments, we compare our approaches to other approaches. We show that the&#xd;
methods using transformations to classical planning are able to get better results&#xd;
than state-of-the-art approaches for complex problems. In contrast, we also highlight&#xd;
some of the drawbacks that this kind of methods have for both multiagent and&#xd;
temporal planning.&#xd;
We also illustrate how these methods can be applied to real world domains like the&#xd;
smart mobility domain. In this domain, a group of vehicles and passengers must&#xd;
self-adapt in order to reach their target positions. The adaptation process consists&#xd;
in running a concurrent planning algorithm. The behavior of the approach is then&#xd;
evaluated.</subfield>
   </datafield>
   <datafield tag="653" ind2=" " ind1=" ">
      <subfield code="a">Intel·ligència artificial</subfield>
   </datafield>
   <datafield tag="653" ind2=" " ind1=" ">
      <subfield code="a">Sistemes multiagent</subfield>
   </datafield>
   <datafield tag="653" ind2=" " ind1=" ">
      <subfield code="a">Classical planning</subfield>
   </datafield>
   <datafield tag="653" ind2=" " ind1=" ">
      <subfield code="a">Concurrent planning</subfield>
   </datafield>
   <datafield tag="653" ind2=" " ind1=" ">
      <subfield code="a">Multiagent planning</subfield>
   </datafield>
   <datafield tag="653" ind2=" " ind1=" ">
      <subfield code="a">Temporal planning</subfield>
   </datafield>
   <datafield ind2="0" ind1="0" tag="245">
      <subfield code="a">Resolution of concurrent planning problems using classical planning</subfield>
   </datafield>
</record></metadata></record></GetRecord></OAI-PMH>